Markets (Record no. 82350)

MARC details
000 -LEADER
fixed length control field 00933cam a22002055a 4500
001 - CONTROL NUMBER
control field L149959
008 - FIXED-LENGTH DATA ELEMENTS--GENERAL INFORMATION
fixed length control field 100519e2010 xxk 000 0 eng d
035 ## - SYSTEM CONTROL NUMBER
System control number (Sirsi) u149959
041 0# - LANGUAGE CODE
Language code of text/sound track or separate title eng
100 1# - MAIN ENTRY--PERSONAL NAME
Personal name Shepherd, Mark
245 00 - TITLE STATEMENT
Title Markets
Remainder of title Birmingham
260 ## - PUBLICATION, DISTRIBUTION, ETC.
Date of publication, distribution, etc. 2010
490 #0 - SERIES STATEMENT
Series statement Property Week
Volume/sequential designation 76(17) 30 April 2010, 43-52(5)
520 ## - SUMMARY, ETC.
Summary, etc. New masterplan needed for Birmingham's Eastside area after High Speed 2 rail line location decision. Discussions start on the future of the Grand Hotel, a Birmingham landmark site. Argent's Rob Graves describes how their Paradise Circus plans will transform Birmingham's city centre. Savill's latest research shows Birmingham's office market picking up. Birmingham hopes to be crowned UK's City of Culture in 2013.
590 ## - LOCAL NOTE (RLIN)
Local note KA
651 #4 - SUBJECT ADDED ENTRY--GEOGRAPHIC NAME
Geographic name Birmingham
690 ## - LOCAL SUBJECT ADDED ENTRY--TOPICAL TERM (OCLC, RLIN)
Topical term or geographic name as entry element PROPERTY-COMMERCIAL PROPERTY-COMMERCIAL PROPERTY MARKET
700 1# - ADDED ENTRY--PERSONAL NAME
Personal name Brennan, Richard
942 ## - ADDED ENTRY ELEMENTS (KOHA)
Suppress in OPAC 0
Holdings
Withdrawn status Lost status Source of classification or shelving scheme Damaged status Not for loan Home library Current library Shelving location Date acquired Total Checkouts Full call number Barcode Date last seen Copy number Price effective from Koha item type
    Dewey Decimal Classification     London London Journal article 19/05/2010   L149959 149959-1001 06/08/2019 1 06/08/2019 Journal article